000 00408nam a2200169Ia 4500
001 31622
003 IN-NITTTR
005 20251114233423.0
008 251113s9999||||xx |||||||||||||| ||eng||
040 _beng
040 _cIN-NITTTR
041 _aeng
082 _a681 G346I
100 _aGhosh, Arun K.
245 0 _aIntroduction to measurements and instrumentation /
_cGhosh, Arun K.
942 _2ddc
_cBK
999 _c34252
_d34252